Les niveaux de Super Mario 64 - Statistiques

Statistiques générales
  • Ce quiz a été pris 62 fois
  • Le résultat moyen est 10 sur 23
Statistiques - réponses
Niveau % Correct
Horloge Tic-Tac
73%
Montagne Gla-Gla
73%
Bowser des Laves
65%
Bowser des Cieux
61%
Bowser des Ténèbres
59%
Monde Trempé-Séché
57%
Baie des Pirates
55%
Laves Fatales
55%
Caverne Brumeuse
53%
Course Arc-en-Ciel
51%
Forteresse de Whomp
49%
Sables trop mouvants
47%
Affreux Bassin
45%
Île Grands-Petits
45%
Manoir de Big Boo
45%
Trop haute montagne
41%
Chez le Roi des Neiges
35%
Glissade de la Princesse
33%
Batailles de Bob-Omb
22%
Aquarium Secret
20%
Au delà de l'Arc-en-Ciel
10%
Mine des Casquettes-Métal
6%
Interrupteur de la Tour Ailée
4%
Aucun quiz correspondant
Distribution des résultats
% des personnes avec chaque résultat
Percentile par nombre de réponses
Votre historique - résultats
Vous n’avez pas pris ce quiz